A study of instructional design practices among teachers in a secondary school /
Saved in:
| Main Author: | |
|---|---|
| Format: | Thesis Book |
| Language: | English |
| Published: |
1999.
|
| Subjects: | |
| Tags: |
Add Tag
No Tags, Be the first to tag this record!
|
| LEADER | 01207cam a2200301 a 4500 | ||
|---|---|---|---|
| 001 | u445608 | ||
| 003 | SIRSI | ||
| 008 | 960110s1999 my t 00 10 eng m | ||
| 035 | |a ACI-0829 | ||
| 040 | |a UMM | ||
| 043 | |a a-my--- | ||
| 090 | |a LB1028.38 |b Cha | ||
| 091 | |a Microfiche 14637 | ||
| 100 | 1 | 0 | |a Chan, Lai Chang. |
| 245 | 1 | 2 | |a A study of instructional design practices among teachers in a secondary school / |c Chan Lai Chang. |
| 260 | |c 1999. | ||
| 300 | |a xiii, 89 leaves : |b ill. ; |c 29 cm. | ||
| 500 | |a Microfiche. Kuala Lumpur : University of Malaya Library, 2000. 2 fiches : negative ; 11 x 15 cm. | ||
| 502 | |a Dissertation (M.Ed.) -- Fakulti Pendidikan, Universiti Malaya, 1998. | ||
| 504 | |a Bibliography: leaves 73-77. | ||
| 650 | 0 | |a Instructional systems |x Design | |
| 650 | 0 | |a Lesson planning | |
| 650 | 0 | |a Teachers |z Malaysia | |
| 710 | 2 | 0 | |a Universiti Malaya. |b Fakulti Pendidikan. |
| 948 | |a 16/10/1999 |b 10/06/2002 | ||
| 596 | |a 1 8 | ||
| 999 | |a LB1028.38 CHA |w LC |c 1 |i A509084851 |d 8/3/2020 |e 8/3/2020 |l STACKS |m P01UTAMA |n 4 |r Y |s Y |t TESIS |u 26/1/2000 | ||
| 999 | |a LB1028.38 CHA |w LC |c 1 |i A506708941 |d 10/2/2020 |l STACKS |m P08PENDIDI |q 1 |r Y |s Y |t TESIS |u 28/2/2001 |o .STAFF. Tesis disimpan dibilik tesis (blok D) | ||
